Music Quiz

Random Music Quiz
Score 0/9 Timer 05:00
0 Plays Today
I'd rather.... Do this % Correct
I'd rather...have my blood sucked out by leeches
75%
Yes, I'd rather...jump naked on a huge pile of thumbtacks
75%
I'd rather...clean all the bathrooms in Grand Central Station with my tongue
66.7%
I'd rather...slam my fingers in a door
58.3%
I'd rather...dive into a swimming pool filled with double-edged razor blades
58.3%
I'd rather...spend eternity eating shards of broken glass
41.7%
I'd rather...rip out my intestines with a fork
41.7%
I'd rather...rip my heart right out of my ribcage with my bare hands and then throw it on the floor and stomp on it till I die
33.3%
I'd rather...get a hundred thousand paper cuts on my face
25%
Remove Ads.
Support Sporcle.
Get the best of Sporcle when you Go Orange. This ad-free experience offers more features, more stats, and more fun while also helping to support Sporcle. Thank you for becoming a member.

You're not logged in!

Compare scores with friends on all Sporcle quizzes.
OR
Log In

Show Comments

Extras

Created Oct 17, 2010ReportNominate
Tags:Rather, Weird

Top Quizzes Today


Score Distribution

Your Account Isn't Verified!

In order to create a playlist on Sporcle, you need to verify the email address you used during registration. Go to your Sporcle Settings to finish the process.

Report this User

Report this user for behavior that violates our Community Guidelines.

Details: